| 000 | 00920nam a22002297a 4500 | ||
|---|---|---|---|
| 999 |
_c10466 _d10466 |
||
| 003 | AR-CdUCM | ||
| 008 | 190401b ||||| |||| 00| 0 spa d | ||
| 040 |
_aMUNICIPALIDAD PROVINCIAL DEL CUSCO _cBIBLIOTECA MUNICIPAL DEL CUSCO |
||
| 041 | _hfre | ||
| 082 |
_a372.5 / _bD52 / 1971 |
||
| 100 |
_aDebesse, Maurice _927337 |
||
| 245 |
_aCómo estudiar a los adolescentes : _bexamen crítico de confidencias juveniles / |
||
| 260 |
_aBuenos Aires : _bNova, _c1971. |
||
| 300 |
_a151 páginas ; _c21 cm. |
||
| 440 |
_aBiblioteca nova de educación ; _98426 |
||
| 505 | _aContenido: Las grandes corrientes de la hebelogía -- La introspección juvenil -- Las confidencias juveniles espontáneas -- Los recuerdos de la juventud ... | ||
| 650 |
_aPsicología del adolescente _911458 |
||
| 650 |
_aPsicopedagogía juvenil _927338 |
||
| 700 |
_aVela, María Elena (traducción) _927339 |
||
| 942 |
_2ddc _cLIBROS |
||
| 945 | _aacv | ||